<The> pre-accession economies in the global crisis: from exogenous to endogenous growth?

Guardado en:
Detalles Bibliográficos
Autor Corporativo: European Commission
Formato: Libro
Lenguaje:inglés
Publicado: Luxembourg Publications Office of the European Union 2010
Colección:European economy
Materias:
Etiquetas: Agregar Etiqueta
Sin Etiquetas, Sea el primero en etiquetar este registro!

MARC

LEADER 00000nam$a2200000$$$4500
001 0117965
005 20240318114602.6
020 |a 978-92-79-15075-3 
022 |a 1725-3195 
041 0 |a eng 
044 |a LU 
245 1 0 |a <The> pre-accession economies in the global crisis: from exogenous to endogenous growth? 
264 1 |a Luxembourg  |b Publications Office of the European Union  |c 2010 
300 |a ix, 45 s. 
490 1 |a European economy 
830 0 |a European economy 
610 2 0 |a rast hospodársky 
610 2 0 |a kríza hospodárska 
610 2 0 |a politika menová 
610 2 0 |a politika fiškálna 
610 2 0 |a kurz výmenný 
610 2 0 |a reformy štruktúrne 
610 2 0 |a trh práce 
710 2 |a European Commission